00433pab a2200133 454500008004000000100001900040245006000059260000900119300001500128362000800143650004500151650003600196773006700232180718b2010 xxu||||| |||| 00| 0 eng d aGatune, Julius aAfrica's development beyond aid: getting out of the box c2010 ap.103-120. aNov aEconomic and social development - africa aEconomic and social development aAnnals of the American Academy of Political and Social Science